=LDR 00000nam 2200000 4500 =001 NUTBA000000000000262 =005 20140319150810.0 =006 =007 =008 =020 ##$$a 979-420-323-8 =035 ##$$a 0010-031400000000261 =090 ##$$a 342.06 =100 ##$$a philipus m.hadjoa, all =245 ##$$a pengantar hukum administrasi indonesia =250 ##$$a cet, 9 =260 ##$$a yogyakarta $b gajah mada university press $c 2005 =300 ##$$a xii, 379 $c 24 cm =850 ##$$a NBPNMAT =990 ##$$a 90655/BPAP-NTB/2014 =990 ##$$a 94396/BPAP-NTB/2014 =990 ##$$a 69806980 =990 ##$$a 01201806980 =990 ##$$a 90655/BPAP-NTB/2014 =990 ##$$a 94396/BPAP-NTB/2014